Loading...

The Concise Oxford Dictionary of Politics

Bibliographic Details
Main Author: McLean, Iain and McMillan, Alistair
Format: Printed Book
Published: New Delhi Oxford 2006
LEADER 00446nam a22001457a 4500
003 OSt
005 20200624124652.0
020 |a 019566925-8 
100 |a McLean, Iain and McMillan, Alistair 
245 |a The Concise Oxford Dictionary of Politics 
260 |a New Delhi  |b Oxford  |c 2006 
300 |a 606p. 
942 |2 ddc  |c BK 
999 |c 339059  |d 339059 
952 |0 0  |1 0  |2 ddc  |4 0  |7 0  |9 389195  |a POL  |b POL  |c ST1  |d 2011-08-23  |g 0.00  |i M434  |l 0  |p POLWM434  |r 2015-03-04  |w 2015-03-04  |y BK